| 000 | 00912nam a2200253 a 4500 | ||
|---|---|---|---|
| 001 | 60940 | ||
| 003 | BD-RjUL | ||
| 005 | 20211209080912.0 | ||
| 008 | 170104s1983 bg a b o000 0 eng d | ||
| 035 | _a(BD-RjUL)61064 | ||
| 040 |
_aBD-RjUL _beng _cBD-RjUL |
||
| 041 | _aeng | ||
| 082 |
_223 _a630.7205492 _bAGR 1983 |
||
| 245 | 0 | 0 |
_aAgricultural research in Bangladesh : _bcontributing to national development / _ceditor : Theodore Hutchcroft |
| 260 |
_aDhaka : _bBangladesh Agricultural Research Council, _c1983 |
||
| 300 |
_avii, 186 p. : _bcol. ill. ; _c24 cm |
||
| 504 | _aIncludes bibliographical references: p.182 | ||
| 650 | 0 |
_aAgriculture _xResearch _zBangladesh _9181718 |
|
| 650 | 0 |
_aAgriculture and state _zBangladesh _9181719 |
|
| 700 |
_aHutchcroft, Theodore, editor _9181720 |
||
| 710 | 2 |
_aBāṃlādeśa Kr̥shi Gabeshaṇā Kāunsila. _9181721 |
|
| 942 |
_2ddc _cBK |
||
| 999 |
_c60940 _d60940 |
||